Nine Stories by J. D. Salinger (Record no. 9794)

MARC details
000 -LEADER
fixed length control field 01645nam a22002657a 4500
001 - CONTROL NUMBER
control field 9794
003 - CONTROL NUMBER IDENTIFIER
control field FISKH
005 - DATE AND TIME OF LATEST TRANSACTION
control field 20260225144412.0
008 - FIXED-LENGTH DATA ELEMENTS--GENERAL INFORMATION
fixed length control field 260225b cb ||||| |||| 00| 0 eng d
020 ## - INTERNATIONAL STANDARD BOOK NUMBER
International Standard Book Number 9780316769501
040 ## - CATALOGING SOURCE
Original cataloging agency FISKH
Language of cataloging eng
Transcribing agency FISKH
Modifying agency FISKH
050 ## - LIBRARY OF CONGRESS CALL NUMBER
Classification number 813.54
082 ## - DEWEY DECIMAL CLASSIFICATION NUMBER
Classification number PZ4 .S165 .N
100 ## - MAIN ENTRY--PERSONAL NAME
Personal name Salinger​ , J. D.
245 ## - TITLE STATEMENT
Title Nine Stories by J. D. Salinger
Statement of responsibility, etc. Nine Stories by J. D. Salinger
250 ## - EDITION STATEMENT
Edition statement First Little , brown and Company mass market papaerback edition , May 1991
260 ## - PUBLICATION, DISTRIBUTION, ETC.
Place of publication, distribution, etc. New York :
Name of publisher, distributor, etc. Little , Brown and Company ,
Date of publication, distribution, etc. 1948 .
300 ## - PHYSICAL DESCRIPTION
Extent 195​ pages :
Other physical details illustrations ;
Dimensions 17 cm .
490 ## - SERIES STATEMENT
Series statement Glass Family
Volume/sequential designation 1
520 ## - SUMMARY, ETC.
Summary, etc. Classic Literature. Fiction. Literature. HTML:The "original, first-rate, serious, and beautiful" short fiction (New York Times Book Review) that introduced J. D. Salinger to American readers in the years after World War II, including "A Perfect Day for Bananafish" and the first appearance of Salinger's fictional Glass family.<br/><br/>Nine exceptional stories from one of the great literary voices of the twentieth century. Witty, urbane, and frequently affecting, Nine Stories sits alongside Salinger's very best work�a treasure that will passed down for many generations to come. The stories:<br/>A Perfect Day for Bananafish<br/>Uncle Wiggily in Connecticut<br/>Just Before the War with the Eskimos<br/>The Laughing Man<br/>Down at the Dinghy<br/>For Esmé—with Love and Squalor<br/>Pretty Mouth and Green My Eyes<br/>De Daumier-Smith's Blue Period<br/>Teddy<br/>. show less
650 ## - SUBJECT ADDED ENTRY--TOPICAL TERM
Topical term or geographic name entry element Salinger
Form subdivision Fiction
650 ## - SUBJECT ADDED ENTRY--TOPICAL TERM
Topical term or geographic name entry element 20 th Century
Form subdivision Fiction
942 ## - ADDED ENTRY ELEMENTS (KOHA)
Source of classification or shelving scheme Dewey Decimal Classification
Koha item type Books
Suppress in OPAC No
Holdings
Withdrawn status Lost status Source of classification or shelving scheme Damaged status Not for loan Collection Home library Current library Shelving location Date acquired Total Checkouts Full call number Barcode Date last seen Price effective from Koha item type
    Dewey Decimal Classification     Fiction Footprints International School Library Network Toul Tom Poung Campus Footprints International School Library Network Toul Tom Poung Campus TTP Secondary Fiction Bookshelves 02/25/2026   SAL 813.54 PZ4 .S165 .N 2026-0269 02/25/2026 02/25/2026 Books